000 00422nam a2200169Ia 4500
008 230524s9999 xx 000 0 und d
020 _a9780070636774
082 _a5.133
_bSCH
100 _aHerbert Schildt
245 4 _aThe Complete Refference JAVA-2 (J2SE1168p)
250 _a5TH
260 _aNEW DELHI
_bTMH
_c2002
300 _aXXVIII;1168
500 _aQuantity Number: 291
650 _aComp-Sc
942 _cBK
999 _c25255
_d25255